Latin - Verbe et vocabulaire - Statistiques

Statistiques générales
  • Ce quiz a été pris 50 fois
  • Le résultat moyen est 5 sur 34
Statistiques - réponses
Hint Réponse % Correct
être composé au présent: es
77%
être composé au présent: sum
73%
être composé au présent: est
55%
être composé au présent: sumus
50%
être composé au présent: sunt
50%
être composé au présent: estis
45%
1er groupe o, as, are
27%
3ème groupe o, is, ere
23%
2ème groupe eo, es, ere
18%
jeune fille puella, ae, f
18%
donner do, das, dare, dedi, datum
9%
les lettres, littérature litterae, arum, f pl
9%
être sum, es, esse, fui
9%
aimer amo, as, are, aui, atum
5%
femme femina, ae, f
5%
pouvoir possum, potes, posse, potui
5%
rire rideo, es, ere, risi, risum
5%
être présent adsum, es, esse, adfui
0%
se promener, aller, marcher ambulo, as, are, aui, atum
0%
beauté forma, ae, f
0%
Groupe mixte io, is, ere (i long)
0%
4ème groupe io, is, ire (i court)
0%
le chatiment (subir un chatiment) poena, ae, f (peonam dare)
0%
uideo, es, ere, uidi, uisum première personne du présent, deuxième personne du présent,infinitif, première personne du parfait et supin
0%
chasteté, pudeur pudicitia, ae, f
0%
être assis sedeo, es, ere, sedi, sessum
0%
regarder specto, as, are, aui, atum
0%
étudier studeo, es, ere, ui + datif
0%
craindre timeo, es, ere, timui
0%
pardon uenia, ae, f
0%
route, chemin uia, ae, f
0%
voir uideo, es, ere, uidi, uisum
0%
vice uitium, ii, n
0%
appeler uoco, as, are, aui, atum
0%
Aucun quiz correspondant
Distribution des résultats
% des personnes avec chaque résultat
Percentile par nombre de réponses
Votre historique - résultats
Vous n’avez pas pris ce quiz